| 000 | 00554nam a22002052 4500 | ||
|---|---|---|---|
| 001 | 0000004325 | ||
| 005 | 20151217145804.0 | ||
| 008 | 070522s xx 000 0 eng d | ||
| 040 |
_aKABU _cKABU |
||
| 050 | 0 |
_aQA277 _b.K36 |
|
| 100 | 1 |
_aKamau, Peter A. _@0000154820 |
|
| 245 | 1 | 0 |
_aHypothesis testing : _bprocedures. |
| 260 | _c2005. | ||
| 300 | _a30 p. | ||
| 650 | 0 |
_aStatistical hypothesis testing. _@0000154821 |
|
| 908 | _a070522 | ||
| 950 | _@1 | ||
| 999 |
_c2611 _d2611 |
||